000
00271nam a2200109Ia 4500
008
200302s9999 xx 000 0 und d
100
_a
Raynor M. Warner
245
_a
New Profits From Old Buildings
260
_b
An Inform Book Published
260
_c
1978
300
_a
291 P.,
999
_c
114
_d
114